书目信息 |
| 题名: |
多层住宅设计与施工
|
|
| 作者: | 朱维益 编著 | |
| 分册: | ||
| 出版信息: | 2000.09 |
|
| 页数: | 191页 | |
| 开本: | 16开 | |
| 丛书名: | ||
| 单 册: | ||
| 中图分类: | TU241.7 | |
| 科图分类: | ||
| 主题词: | 民用建筑--建筑设计 | |
| 电子资源: | ||
| ISBN: | 7-80159-040-6 | |
| 000 | 00553nam0 2200193 45 | |
| 001 | 0011221072 | |
| 005 | 20001122103326.0 | |
| 010 | @a7-80159-040-6@d19.00元 | |
| 100 | @a20001122d2000 km y0chiy0120 ea | |
| 101 | 0 | @achi |
| 105 | @a z 000yy | |
| 200 | 1 | @a多层住宅设计与施工@ADuo Ceng Zhu Zhai She Ji Yu Shi Gong@f朱维益编著@FZhu Wei Yi Bian Zhu |
| 210 | @d2000.09 | |
| 215 | @a191页@d16开 | |
| 606 | 0 | @a民用建筑@x建筑设计 |
| 690 | @aTU241.7@v3 | |
| 701 | 0 | @a朱维益@4编著 |
| 801 | @aCN@bPftUser@c20001122 | |
| 905 | @b418782-786@dTU241.7@eZH927@f5 | |
| 多层住宅设计与施工/朱维益编著.-2000.09 |
| 191页;16开 |
| ISBN 7-80159-040-6:19.00元 |
| ● |
| 相关链接 |
|
|
|
正题名:多层住宅设计与施工
索取号:TU241.7/ZH927
 
预约/预借
| 序号 | 登录号 | 条形码 | 馆藏地/架位号 | 状态 | 备注 |
| 1 | 418782 | 204187824 | 建筑库101/101建筑库 66排4列1层/ [索取号:TU241.7/ZH927] | 在馆 | |
| 2 | 418783 | 204187833 | 建筑库101/101建筑库 66排3列4层/ [索取号:TU241.7/ZH927] | 在馆 | |
| 3 | 418784 | 204187842 | 建筑库101/404自科库 25排4列1层/ [索取号:TU241.7/ZH927] | 在馆 | |
| 4 | 418785 | 204187851 | 建筑库101/101建筑库 66排3列4层/ [索取号:TU241.7/ZH927] | 在馆 | |
| 5 | 418786 | 204187860 | 建筑库101/101建筑库 66排3列4层/ [索取号:TU241.7/ZH927] | 在馆 |